Ψυχολογία του παιδιού : (από τη γέννηση ως την εφηβική ηλικία)

Αποθηκεύτηκε σε:
Λεπτομέρειες βιβλιογραφικής εγγραφής
Άλλοι συγγραφείς: Debesse, Maurice (Επιμελητής έκδοσης), Ξηροτύρης, Ηλίας Ι., 1914- (Μεταφραστής)
Μορφή: Βιβλίο
Γλώσσα:Greek
French
Δημοσίευση: Αθήναι : Ε.Σ.Ε.Β., 1957.
Σειρά:Βασική παιδαγωγική βιβλιοθήκη Ενώσεως Συγγραφέων Εκπαιδευτικών Βιβλίων ; 3
Θέματα:
Ετικέτες: Προσθήκη ετικέτας
Δεν υπάρχουν, Καταχωρήστε ετικέτα πρώτοι!

MARC

LEADER 00000cam a2200000 i 4500
001 1/101610
008 090223s1957 gr | ||| |||| ||gre||
035 |l 10103332 
040 |a GR-MyUA  |b gre  |e AACR2 
041 1 |a gre  |h fre 
082 7 |a 155.4   |2 (22) 
245 0 0 |a Ψυχολογία του παιδιού :   |b (από τη γέννηση ως την εφηβική ηλικία) /   |c διεύθυνση Maurice Debesse ; μετάφραση: Ηλία Ι. Ξηροτύρη.  
260 |a Αθήναι :   |b Ε.Σ.Ε.Β.,   |c 1957.  
300 |a 422 σ. ;   |c 22 εκ.  
490 1 |a (Βασική παιδαγωγική βιβλιοθήκη Ενώσεως Συγγραφέων Εκπαιδευτικών Βιβλίων ;   |v  3)  
500 |a Τίτλος πρωτοτύπου: Phychologie de L'Enfant.  
650 0 0 |a Child psychology. 
650 0 0 |a Developmental psychology. 
650 0 0 |a Sensorimotor integration. 
650 0 0 |a Perception in children. 
700 1 |a Debesse, Maurice,  |e edt 
700 1 |a Ξηροτύρης, Ηλίας Ι.,   |d 1914-  |e trl 
830 0 |a Βασική παιδαγωγική βιβλιοθήκη Ενώσεως Συγγραφέων Εκπαιδευτικών Βιβλίων ;  |v  3 
852 |a INST  |b SAMOS  |c MAG  |e 20090223  |h 155.4 DEB  |p 005300029282  |q 005300029282  |t BK  |y 0 
901 |a BIBL3-2009-1 
909 |a Σ  |b 155687 
970 |a ΡΟΥΣΣΟΥ  |b ΚΩΝΣΤΑΝΤΙΝΑ  |z 2009/02/23